000 01189cam a2200313 i 4500
003 CO-BoRNBP
005 20230310214813.0
007 ta
008 190922s2021 ck ao er 00| 0 spa d
020 _a9789589924860
040 _aCO-BoRNBP
_bspa
_erda
_cCO-BoRNBP
041 0 _aspa
043 _as-ck---
082 0 4 _a320.986
_bR78v1
_222
110 1 _aSistema de Medios Públicos
_9203
245 1 3 _aLa voz del poder
_bll discurso presidencial en Colombia 1938-1990
_cRTVC Sistema de Medios Públicos
250 _aPrimera edición
264 1 _aBogotá, Colombia
_bRTVC
_c2021
300 _a396 páginas
_bilustraciones, fotografías en blanco y negro
_c22 cm
336 _atexto
_btxt
_2rdacontent
337 _ano mediado
_bn
_2rdamedia
338 _avolumen
_bnc
_2rdacarrier
505 _aIncluye relación de los Presidentes que ejercieron durante este periodo de tiempo al final del texto
521 _aRecomendado para un público adulto
650 1 7 _aDiscursos políticos
_ySiglo XX
_zColombia
_2LEMB
_9204
650 1 7 _aDiscursos presidenciales
_ySiglo XX
_zColombia
_2LEMB
_9205
650 1 7 _aPresidentes
_xProclamas y discursos
_ySiglo XX
_zColombia
_2LEMB
_9206
942 _2ddc
_cBK
999 _c9224
_d9224